00613cam a2200217 i 4500001001300000003000400013005001700017008004100034010001700075020001100092040001800103050002500121130001800146245008100164260004300245300002100288500001400309650002700323700002800350999001700378sa 68011582 DLC20260227112602.0811029s1965 ii 000 0 tam  asa 68011582  cRs3.50 aDLCcDLCdDLC00aPL4758.6.A2bK8 19650 aKur̲untokai.00aKur̲untokai :bteḷivuraiyuṭan̲ /cteḷivurai, Puliyūrk Kēcikan̲. aCen̲n̲ai :bPāri Nilaiyam,c[1965] a522 p. ;c19 cm. aIn Tamil. 0aTamil poetryyTo 1500.0 aPuliyūrk Kēcikan̲. c83988d83988